44 Fantastic Four Members by Picture - Statistics

General Stats
  • This quiz has been taken 72 times
  • The average score is 28 of 44
Answer Stats
Picture Answer % Correct
Doctor Doom
100%
Human Torch
100%
Invisible Woman
100%
Mister Fantastic
100%
Thing
98%
Silver Surfer
97%
Ant-Man
95%
Black Panther
94%
Galactus
94%
She-Hulk
94%
Wolverine
94%
Black Bolt
92%
Namor the Sub-Mariner
92%
Spider-Man
92%
Franklin Richards
83%
Medusa
83%
Uatu the Watcher
83%
H.E.R.B.I.E.
81%
Mole Man
81%
Super-Skrull
81%
Lockjaw
70%
Crystal
62%
Valeria Richards
62%
Annihilus
60%
Karnak
54%
She-Thing
52%
Molecule Man
51%
Alicia Masters
46%
Gorgon
46%
Klaw
46%
Maximus the Mad
46%
Wizard
46%
Triton
44%
Dragon Man
43%
Impossible Man
43%
Mad Thinker
43%
Puppet Master
41%
Awesome Android
30%
Miss Thing
24%
Lightspeed
21%
Zero-G
19%
Energizer
17%
Lyja the Laserfist
17%
Mass Master
16%
No matching quizzes found
Score Distribution
Percent of People with Each Score
Percentile by Number Answered
Your Score History
You have not taken this quiz